[Event "2nd VAM op"]
[Site "Hoogeveen NED"]
[Date "1998.10.16"]
[Round "1.1"]
[White "Azadmanesh, Moosa"]
[Black "Sherzer, Alex"]
[Result "0-1"]
[WhiteElo "2150"]
[BlackElo "2470"]
[EventDate "1998.10.16"]
[PlyCount "112"]

1.e4 e5 2.Nf3 Nc6 3.d4 exd4 4.Nxd4 Bc5 5.Nb3 Bb6 6.Nc3 Nf6 7.Bg5 h6 8.Bh4 
d6 9.Qd2 Nxe4 10.Qf4 Nf6 11.Bxf6 Qxf6 12.Qxf6 gxf6 13.Nd5 f5 14.Bb5 Be6 
15.Nxb6 axb6 16.Nd4 Bd7 17.Ne2 Nb4 18.Bxd7+ Kxd7 19.Kd2 Rhe8 20.Nc3 Re5 
21.a3 Nd5 22.Rhe1 Nxc3 23.Kxc3 h5 24.Rad1 Ke6 25.Rxe5+ dxe5 26.Rd3 Rg8 27.
g3 e4 28.Rd4 h4 29.Kd2 c5 30.Rc4 Ke5 31.Ke3 Rd8 32.Rc3 h3 33.Ke2 Kd4 34.
Rb3 Rd6 35.a4 Kc4 36.Rb5 f6 37.Rb3 Kd4 38.Rb5 Kd5 39.a5 bxa5 40.Rxb7 a4 
41.Rb8 Ra6 42.Kd2 a3 43.bxa3 Rxa3 44.Rd8+ Kc4 45.Rh8 Rf3 46.Ke2 Kc3 47.
Rxh3 Kxc2 48.Rh8 c4 49.h4 f4 50.Rg8 Rb3 51.gxf4 c3 52.h5 Kb2 53.h6 c2 54.
h7 c1=Q 55.h8=Q Kb1 56.Rb8 Qb2+ 0-1

[Event "2nd VAM op"]
[Site "Hoogeveen NED"]
[Date "1998.10.16"]
[Round "1.2"]
[White "Jonitz, Jens"]
[Black "Gofshtein, Leonid D"]
[Result "0-1"]
[WhiteElo "2160"]
[BlackElo "2500"]
[EventDate "1998.10.16"]
[PlyCount "118"]

1.e4 c5 2.Nf3 e6 3.d4 cxd4 4.Nxd4 a6 5.c4 Nf6 6.Nc3 Bb4 7.Bd3 Nc6 8.Nxc6 
dxc6 9.e5 Nd7 10.f4 Nc5 11.Bc2 Qxd1+ 12.Kxd1 b5 13.Be3 bxc4 14.Na4 Nxa4 
15.Bxa4 Bb7 16.Rc1 c3 17.bxc3 O-O-O+ 18.Ke2 Be7 19.Rb1 c5 20.Rb6 Kc7 21.
Rhb1 Bxg2 22.Rxa6 Ra8 23.Rxa8 Rxa8 24.Bb3 Bd5 25.Rb2 Rb8 26.Bc1 Ra8 27.Be3
g6 28.Kd3 Kc6 29.Rf2 Bh4 30.Rb2 Bd8 31.Rf2 Bb6 32.c4 Bh1 33.Bc1 Ba5 34.Bb2
h5 35.Ke3 Kc7 36.Rf1 Bc6 37.Rd1 Bb4 38.Kd3 Bf3 39.Rf1 Rd8+ 40.Ke3 Bg4 41.
Rf2 Bf5 42.Bc2 h4 43.Be4 Rd1 44.Bxf5 exf5 45.Rc2 Kb6 46.Bc1 Rf1 47.a3 Ba5 
48.Bd2 Rb1 49.Bxa5+ Kxa5 50.Rd2 Rb3+ 51.Kf2 Rxa3 52.Rd7 Rc3 53.Rxf7 Rxc4 
54.Kf3 Re4 55.Re7 c4 56.e6 Kb6 57.Re8 Kc7 58.Re7+ Kd6 59.Rd7+ Kxe6 0-1

[Event "2nd VAM op"]
[Site "Hoogeveen NED"]
[Date "1998.10.16"]
[Round "1.5"]
[White "Bosch, Jeroen"]
[Black "Pel, Bonno"]
[Result "1-0"]
[WhiteElo "2480"]
[BlackElo "2175"]
[EventDate "1998.10.16"]
[PlyCount "111"]

1.e4 d6 2.d4 Nf6 3.Nc3 g6 4.Nf3 Bg7 5.h3 c6 6.Be3 O-O 7.a4 Nbd7 8.a5 Qc7 
9.Be2 Rb8 10.d5 Nc5 11.O-O Nfxe4 12.Nxe4 Nxe4 13.Bxa7 Ra8 14.Bb6 Qd7 15.c3
Nf6 16.c4 cxd5 17.cxd5 Qf5 18.Bc4 Bd7 19.Re1 Rac8 20.b3 Rfe8 21.Ra2 Qh5 
22.Rd2 g5 23.Rd4 g4 24.hxg4 Nxg4 25.Rde4 Bc3 26.Rxe7 Bxe1 27.Qxe1 Ne5 28.
Rxe8+ Rxe8 29.Nxe5 Rxe5 30.Qd2 Qg6 31.f4 Re8 32.Bd4 Qg3 33.Bf2 Qg4 34.Qd4 
Bf5 35.Qf6 Qxf4 36.Bb5 Rc8 37.Bc4 Qe5 38.Qxe5 dxe5 39.Bh4 Kg7 40.Be7 Ra8 
41.b4 Rc8 42.Bc5 Be4 43.Kf2 f5 44.d6 Kf6 45.Bb6 Bc6 46.Bc7 f4 47.b5 Bd7 
48.Bd5 Bxb5 49.Bxb7 Rg8 50.a6 e4 51.a7 e3+ 52.Ke1 h5 53.Bb8 h4 54.a8=Q h3 
55.Qa1+ Kg6 56.Be4+ 1-0

[Event "2nd VAM op"]
[Site "Hoogeveen NED"]
[Date "1998.10.16"]
[Round "1.6"]
[White "Porrasmaa, Timo"]
[Black "Rantanen, Yrjo"]
[Result "1-0"]
[WhiteElo "2095"]
[BlackElo "2360"]
[EventDate "1998.10.16"]
[PlyCount "81"]

1.d4 d5 2.Bg5 c6 3.Nf3 Qb6 4.Nbd2 Qxb2 5.e4 Nf6 6.Bd3 Nbd7 7.O-O h6 8.Bf4 
e6 9.c4 g5 10.Bc7 Qa3 11.Qe2 dxe4 12.Nxe4 Nxe4 13.Bxe4 Bd6 14.Bxd6 Qxd6 
15.Rad1 Kf8 16.d5 cxd5 17.cxd5 e5 18.Rfe1 Kg7 19.Nd2 Nc5 20.Nc4 Qf6 21.Bc2
e4 22.Bxe4 Re8 23.f3 b5 24.Nd2 Qb6 25.Qf2 Bd7 26.Qd4+ f6 27.Bb1 Na4 28.
Qxb6 Nxb6 29.Ne4 Bf5 30.g4 Bxe4 31.Bxe4 Rad8 32.Kf2 a6 33.h4 Nc4 34.h5 Rc8
35.Bg6 Rxe1 36.Rxe1 Ne5 37.Bf5 Rc5 38.Rd1 Rc3 39.d6 Nf7 40.d7 Nd8 41.Re1 
1-0

[Event "2nd VAM op"]
[Site "Hoogeveen NED"]
[Date "1998.10.16"]
[Round "1.8"]
[White "Van der Veen, Jan"]
[Black "Westerinen, Heikki"]
[Result "0-1"]
[WhiteElo "2105"]
[BlackElo "2435"]
[EventDate "1998.10.16"]
[PlyCount "82"]

1.e4 e5 2.Nf3 Nc6 3.Bb5 Nf6 4.O-O Nxe4 5.Re1 Nf6 6.Nxe5 Nxe5 7.Rxe5+ Be7 
8.d4 O-O 9.d5 d6 10.Re1 Bd7 11.Bf1 Re8 12.Nc3 a6 13.h3 h6 14.Bd3 Bf8 15.
Be3 g6 16.Qd2 Kh7 17.Bd4 Bg7 18.Qf4 Kg8 19.g4 Nh7 20.Bxg7 Kxg7 21.Rxe8 
Qxe8 22.Qd4+ Qe5 23.Qxe5+ dxe5 24.Ne4 b6 25.c4 f5 26.gxf5 gxf5 27.Ng3 e4 
28.Bc2 Ng5 29.Nh5+ Kf7 30.Nf4 Kf6 31.Bd1 Ke5 32.Ng6+ Kd4 33.h4 Rg8 34.h5 
Be8 35.Kh2 Bxg6 36.hxg6 Rxg6 37.Be2 Nf3+ 38.Kh1 Ne5 39.Rd1+ Nd3 40.b3 Kc3 
41.Rf1 Kd2 0-1

[Event "2nd VAM op"]
[Site "Hoogeveen NED"]
[Date "1998.10.16"]
[Round "1.9"]
[White "Klenburg, Mikhail"]
[Black "Hendriks, Richard V"]
[Result "1/2-1/2"]
[WhiteElo "2330"]
[BlackElo "2080"]
[EventDate "1998.10.16"]
[PlyCount "39"]

1.e4 e5 2.Nf3 Nc6 3.Bb5 f5 4.O-O fxe4 5.Bxc6 dxc6 6.Nxe5 Nf6 7.d4 Be7 8.c3
O-O 9.Qb3+ Qd5 10.Nd2 a5 11.f3 exf3 12.Ndxf3 Qxb3 13.axb3 Be6 14.c4 Ng4 
15.Re1 Bb4 16.Bd2 Nxe5 17.Rxe5 Bg4 18.Bxb4 axb4 19.Rxa8 Rxa8 20.Kf2 
1/2-1/2

[Event "2nd VAM op"]
[Site "Hoogeveen NED"]
[Date "1998.10.16"]
[Round "1.10"]
[White "De Pender, Paul"]
[Black "Van der Weide, Karel"]
[Result "1/2-1/2"]
[WhiteElo "2175"]
[BlackElo "2490"]
[EventDate "1998.10.16"]
[PlyCount "104"]

1.e4 c5 2.Nf3 Nc6 3.d4 cxd4 4.Nxd4 Nf6 5.Nc3 d6 6.Bc4 e6 7.Be3 a6 8.Bb3 
Na5 9.O-O b5 10.f3 Qc7 11.Qd2 Bb7 12.g4 h6 13.Rad1 Nc4 14.Ndxb5 axb5 15.
Nxb5 Qc6 16.Bxc4 Qxc4 17.Nxd6+ Bxd6 18.Qxd6 Qc6 19.a3 Qxd6 20.Rxd6 O-O 21.
Rfd1 Rfc8 22.c3 Kf8 23.Rb6 Bc6 24.Rd6 Ba4 25.Kf2 Nd7 26.Rb4 Ke7 27.Rd2 Bc6
28.h3 Ra6 29.Ke2 Ba8 30.a4 Ne5 31.b3 Nd7 32.c4 e5 33.Rb5 Bc6 34.Rb4 Raa8 
35.c5 Rcb8 36.Rxb8 Rxb8 37.Rd3 h5 38.g5 f6 39.Kd2 f5 40.exf5 Bxf3 41.f6+ 
gxf6 42.gxf6+ Nxf6 43.Bg5 Bg2 44.Rd6 Rf8 45.h4 Bh3 46.Rxf6 Rxf6 47.a5 Ke6 
48.Bxf6 Kxf6 49.a6 Ke6 50.b4 Kd7 51.b5 Bg2 52.c6+ Bxc6 1/2-1/2

[Event "2nd VAM op"]
[Site "Hoogeveen NED"]
[Date "1998.10.16"]
[Round "1.12"]
[White "Mikhalevski, Victor"]
[Black "Tindall, Brett"]
[Result "1-0"]
[WhiteElo "2540"]
[BlackElo "2275"]
[EventDate "1998.10.16"]
[PlyCount "57"]

1.d4 Nf6 2.c4 e6 3.g3 c5 4.d5 d6 5.Bg2 exd5 6.cxd5 b5 7.e4 Nbd7 8.f4 Rb8 
9.Nh3 Nb6 10.O-O Be7 11.a4 Bxh3 12.Bxh3 O-O 13.axb5 Nxe4 14.Rxa7 Bf6 15.
Re1 Re8 16.Rxf7 Bd4+ 17.Be3 Ng5 18.fxg5 Rxe3 19.Rxe3 Qxg5 20.Be6 Qxe3+ 21.
Kg2 Kh8 22.Qf1 h5 23.Rf3 Qe5 24.h4 Nxd5 25.Rf8+ Kh7 26.Qf5+ Qxf5 27.Bxf5+ 
g6 28.Rxb8 gxf5 29.b6 1-0

[Event "2nd VAM op"]
[Site "Hoogeveen NED"]
[Date "1998.10.16"]
[Round "1.13"]
[White "De Jong, Migchiel"]
[Black "Gausel, Einar"]
[Result "0-1"]
[WhiteElo "2280"]
[BlackElo "2540"]
[EventDate "1998.10.16"]
[PlyCount "104"]

1.e4 Nf6 2.e5 Nd5 3.d4 d6 4.c4 Nb6 5.exd6 exd6 6.Nc3 Be7 7.Bd3 Nc6 8.Nge2 
Bg4 9.f3 Bh5 10.Nf4 Bg6 11.Nxg6 hxg6 12.O-O Nxd4 13.Bxg6 Nc6 14.Be4 Nxc4 
15.Bxc6+ bxc6 16.Qa4 Nb6 17.Qxc6+ Qd7 18.Qxd7+ Kxd7 19.Rd1 Rh4 20.Ne4 Re8 
21.Be3 f5 22.Nc5+ Kc8 23.Nd3 Bf6 24.Bf2 Rc4 25.Rac1 Rxc1 26.Rxc1 Re2 27.
Be1 Bxb2 28.Nxb2 Rxb2 29.Bc3 Rxa2 30.Bxg7 Nd5 31.Ra1 Rxa1+ 32.Bxa1 Kd7 33.
h4 Ke6 34.Kf2 f4 35.g4 fxg3+ 36.Kxg3 Kf5 37.Bg7 Nf6 38.Kf2 a5 39.Ke3 Kg6 
40.Bh8 a4 41.Kd3 c5 42.Kc2 d5 43.h5+ Nxh5 44.Be5 Kf5 45.Bd6 c4 46.Kc3 Ke6 
47.Bc5 Ng7 48.Kb4 Nf5 49.Bf2 Ke5 50.Be1 Kd4 51.Kxa4 Kd3 52.Ka3 Nd4 0-1

[Event "2nd VAM op"]
[Site "Hoogeveen NED"]
[Date "1998.10.16"]
[Round "1.14"]
[White "Dgebuadze, Alexandre"]
[Black "Hofman, Ron"]
[Result "1-0"]
[WhiteElo "2505"]
[BlackElo "2195"]
[EventDate "1998.10.16"]
[PlyCount "89"]

1.e4 e5 2.Nf3 d6 3.Bc4 Be7 4.d3 Nf6 5.O-O c6 6.Bb3 Qc7 7.Nbd2 Nbd7 8.c3 h6
9.Re1 Nc5 10.Bc2 Nh7 11.d4 Nd7 12.Nf1 Ng5 13.Ng3 g6 14.h3 Nf8 15.Nh2 Nge6 
16.Bb3 h5 17.Nf3 Ng7 18.Be3 f6 19.a4 h4 20.Nf1 g5 21.N3h2 Ng6 22.a5 Bd7 
23.Qd2 Qc8 24.Bd1 Nf4 25.Bg4 Nfe6 26.Qd1 Qc7 27.Bc1 Rb8 28.Ne3 b5 29.axb6 
axb6 30.Nf5 Kf8 31.Nf1 Bc8 32.N1e3 Bb7 33.Nxg7 Nxg7 34.Qb3 Bc8 35.Bxc8 
Qxc8 36.Bd2 Qe6 37.d5 Qf7 38.Ra7 c5 39.Qb5 Qg6 40.Qd7 Qe8 41.Rea1 b5 42.
Qc6 Rh7 43.Ra8 Kf7 44.Rxb8 Qxb8 45.Ra8 1-0

[Event "2nd VAM op"]
[Site "Hoogeveen NED"]
[Date "1998.10.16"]
[Round "1.16"]
[White "Erwich, Frans"]
[Black "Ernst, Sipke"]
[Result "0-1"]
[WhiteElo "2105"]
[BlackElo "2420"]
[EventDate "1998.10.16"]
[PlyCount "74"]

1.e4 c5 2.b3 Nc6 3.Bb2 e5 4.f4 exf4 5.Bc4 Nf6 6.Qe2 d6 7.Nf3 Be7 8.O-O O-O
9.Nc3 Bg4 10.Nd5 Nxd5 11.exd5 Ne5 12.Bxe5 dxe5 13.Qe4 Bxf3 14.gxf3 Bd6 15.
Bd3 f5 16.Qe2 Qh4 17.Qf2 Qe7 18.Qe2 Rae8 19.Rae1 a6 20.Kh1 Kh8 21.c4 Qf6 
22.Qg2 Re7 23.Rg1 g6 24.Qg5 Kg7 25.h4 h6 26.Qxf6+ Kxf6 27.Rg2 Rg8 28.Bc2 
g5 29.h5 Reg7 30.Reg1 g4 31.fxg4 Rxg4 32.Rxg4 Rxg4 33.Bd1 Rxg1+ 34.Kxg1 e4
35.Be2 f3 36.Bd1 Kg5 37.d3 Kf4 0-1

[Event "2nd VAM op"]
[Site "Hoogeveen NED"]
[Date "1998.10.16"]
[Round "1.17"]
[White "Garcia, Gildardo"]
[Black "Timmermans, Ivo"]
[Result "1/2-1/2"]
[WhiteElo "2510"]
[BlackElo "2225"]
[EventDate "1998.10.16"]
[PlyCount "100"]

1.e4 e5 2.Nf3 Nc6 3.Bb5 a6 4.Ba4 Nf6 5.O-O Nxe4 6.d4 b5 7.Bb3 d5 8.dxe5 
Be6 9.Nbd2 Nc5 10.c3 d4 11.Ng5 Qxg5 12.Qf3 O-O-O 13.Bxe6+ fxe6 14.Qxc6 
Qxe5 15.b4 Qd5 16.Qxd5 exd5 17.bxc5 dxc3 18.Nb3 d4 19.a4 b4 20.a5 d3 21.
Ra4 d2 22.Bxd2 cxd2 23.Rd1 Rd5 24.Rxb4 Bxc5 25.Rc4 Re8 26.Kf1 Rde5 27.Nxd2
Rd8 28.Rdc1 Rxd2 29.Rxc5 Rd1+ 30.Rxd1 Rxc5 31.Ra1 Kd7 32.Ke2 Kc6 33.f4 Kd5
34.Kd3 Rb5 35.Re1 Kd6 36.Re8 Rxa5 37.Rg8 g6 38.Rg7 Ra2 39.Rxh7 Rxg2 40.h4 
a5 41.h5 Rg4 42.hxg6 Rxg6 43.Rh5 a4 44.Ra5 a3 45.Ke4 Rg3 46.f5 c5 47.Ra6+ 
Ke7 48.Kd5 Rc3 49.Ke5 Re3+ 50.Kd5 Rc3 1/2-1/2

[Event "2nd VAM op"]
[Site "Hoogeveen NED"]
[Date "1998.10.16"]
[Round "1.18"]
[White "Olkinuora, Hannu"]
[Black "Adamson, Robby"]
[Result "0-1"]
[WhiteElo "2030"]
[BlackElo "2310"]
[EventDate "1998.10.16"]
[PlyCount "60"]

1.e4 e6 2.d4 d5 3.Nd2 Nf6 4.Bd3 c5 5.c3 Nc6 6.e5 Nd7 7.Ndf3 cxd4 8.cxd4 f6
9.Ng5 Bb4+ 10.Kf1 fxg5 11.Qh5+ Kf8 12.Bxg5 Qe8 13.Qh4 Kg8 14.Nf3 Nf8 15.
Qg3 Bd7 16.Be3 Ne7 17.a3 Bb5 18.Bxb5 Qxb5+ 19.Kg1 Nf5 20.Qh3 Be7 21.Bc1 
Qd3 22.g4 Nxd4 23.Be3 Ne2+ 24.Kg2 Ng6 25.Rhd1 Qxd1 26.Rxd1 Nef4+ 27.Kg3 
Nxh3 28.Kxh3 Kf7 29.Kg3 Rhc8 30.h4 h6 0-1

[Event "2nd VAM op"]
[Site "Hoogeveen NED"]
[Date "1998.10.16"]
[Round "1.20"]
[White "Van Beek, Lucien"]
[Black "De Blecourt, Sandra"]
[Result "1-0"]
[WhiteElo "2315"]
[BlackElo "2040"]
[EventDate "1998.10.16"]
[PlyCount "81"]

1.d4 d5 2.c4 c6 3.Nf3 Nf6 4.Nc3 dxc4 5.a4 Bf5 6.e3 e6 7.a5 Na6 8.Bxc4 Nb4 
9.O-O Be7 10.Qe2 Bg4 11.Rd1 O-O 12.h3 Bh5 13.g4 Bg6 14.e4 Qc7 15.Ne5 Nd7 
16.Nxg6 hxg6 17.h4 b5 18.axb6 axb6 19.Rxa8 Rxa8 20.Be3 c5 21.d5 exd5 22.
Nxd5 Nxd5 23.Bxd5 Re8 24.g5 Bd6 25.h5 Nf8 26.Qg4 Be5 27.b3 gxh5 28.Qxh5 g6
29.Qg4 Ne6 30.Kg2 b5 31.f4 Bxf4 32.Bxe6 Bxe3 33.Rd7 Qe5 34.Bxf7+ Kf8 35.
Bxe8 Qb2+ 36.Kh3 Qh8+ 37.Kg3 Qe5+ 38.Kf3 Kxe8 39.Kxe3 Qc3+ 40.Ke2 Qc2+ 41.
Rd2 1-0

[Event "2nd VAM op"]
[Site "Hoogeveen NED"]
[Date "1998.10.17"]
[Round "2.1"]
[White "Adamson, Robby"]
[Black "Dgebuadze, Alexandre"]
[Result "0-1"]
[WhiteElo "2310"]
[BlackElo "2505"]
[EventDate "1998.10.16"]
[PlyCount "82"]

1.e4 e6 2.d4 d5 3.Nc3 Bb4 4.e5 Ne7 5.a3 Bxc3+ 6.bxc3 c5 7.Nf3 b6 8.Bb5+ 
Bd7 9.Bd3 Ba4 10.h4 Qc7 11.O-O h6 12.Re1 Nbc6 13.dxc5 bxc5 14.c4 dxc4 15.
Bxc4 Nf5 16.Bd3 Rd8 17.Qe2 Nce7 18.h5 Bc6 19.c3 Qa5 20.Bb2 Qa4 21.Be4 Rb8 
22.Bxc6+ Nxc6 23.Bc1 O-O 24.Qe4 Qxe4 25.Rxe4 Rfd8 26.Bf4 Na5 27.g4 Ne7 28.
Ra4 Nb3 29.Rb1 a5 30.Nd2 Nxd2 31.Rxb8 Rxb8 32.Bxd2 Nc6 33.Rc4 Nxe5 34.Bf4 
Nxc4 35.Bxb8 Nxa3 36.Bd6 Nb1 37.c4 Nd2 38.Bxc5 Nxc4 39.Kf1 Ne5 40.Bd4 Nxg4
41.f3 Nf6 0-1

[Event "2nd VAM op"]
[Site "Hoogeveen NED"]
[Date "1998.10.17"]
[Round "2.4"]
[White "Hartoch, Robert G"]
[Black "De Pender, Paul"]
[Result "1/2-1/2"]
[WhiteElo "2315"]
[BlackElo "2175"]
[EventDate "1998.10.16"]
[PlyCount "54"]

1.Nf3 Nf6 2.g3 g6 3.b3 Bg7 4.Bb2 d6 5.d4 Nbd7 6.Bg2 O-O 7.O-O e5 8.dxe5 
Ng4 9.e4 Ngxe5 10.Nxe5 Nxe5 11.Nc3 Nc6 12.Rb1 Be6 13.f4 Qd7 14.Nd5 f5 15.
c4 Rae8 16.Qd2 Qf7 17.Rbe1 Bxb2 18.Qxb2 Bxd5 19.cxd5 Ne7 20.Qd4 fxe4 21.
Rxe4 b6 22.Rfe1 Nf5 23.Qd3 Rxe4 24.Qxe4 Ng7 25.Bh3 Re8 26.Be6 Nxe6 27.dxe6
Qf5 1/2-1/2

[Event "2nd VAM op"]
[Site "Hoogeveen NED"]
[Date "1998.10.17"]
[Round "2.5"]
[White "Van der Weide, Karel"]
[Black "Porrasmaa, Timo"]
[Result "1-0"]
[WhiteElo "2490"]
[BlackElo "2095"]
[EventDate "1998.10.16"]
[PlyCount "63"]

1.e4 c5 2.Nf3 Nc6 3.d4 cxd4 4.Nxd4 e5 5.Nb5 d6 6.c4 Be7 7.Bd3 Nf6 8.O-O 
O-O 9.N1c3 a6 10.Na3 Bg4 11.f3 Be6 12.Be3 Nh5 13.Nd5 Bg5 14.Bb6 Qd7 15.Bf2
Qd8 16.Nc2 Rc8 17.b4 Nf4 18.Nxf4 exf4 19.c5 Bf6 20.Rc1 Bxa2 21.Qe2 d5 22.
Rfd1 Re8 23.Qf1 dxe4 24.Bxe4 Qe7 25.b5 axb5 26.Qxb5 Qc7 27.Nb4 Be6 28.Nd5 
Bxd5 29.Rxd5 Rcd8 30.Rb1 Rxd5 31.Bxd5 Nd8 32.Qxe8# 1-0

[Event "2nd VAM op"]
[Site "Hoogeveen NED"]
[Date "1998.10.17"]
[Round "2.6"]
[White "Timmermans, Ivo"]
[Black "Klenburg, Mikhail"]
[Result "1/2-1/2"]
[WhiteElo "2225"]
[BlackElo "2330"]
[EventDate "1998.10.16"]
[PlyCount "51"]

1.e4 d6 2.d4 Nf6 3.Nc3 g6 4.f4 Bg7 5.Nf3 c5 6.Bb5+ Bd7 7.e5 Ng4 8.Bxd7+ 
Qxd7 9.d5 dxe5 10.h3 e4 11.Nxe4 Nf6 12.Nxf6+ Bxf6 13.O-O Qd6 14.Be3 Nd7 
15.Ng5 Bxg5 16.fxg5 O-O 17.c4 e6 18.dxe6 Qxe6 19.Bf4 Rfe8 20.Qd2 Nf8 21.b3
Rad8 22.Qf2 Qf5 23.Be3 Qxf2+ 24.Kxf2 Ne6 25.Rad1 Kf8 26.Rd5 1/2-1/2

[Event "2nd VAM op"]
[Site "Hoogeveen NED"]
[Date "1998.10.17"]
[Round "2.7"]
[White "Reinderman, Dimitri"]
[Black "Visser, Yge"]
[Result "0-1"]
[WhiteElo "2540"]
[BlackElo "2370"]
[EventDate "1998.10.16"]
[PlyCount "82"]

1.c4 g6 2.Nc3 Bg7 3.d4 Nf6 4.e4 d6 5.Bd3 O-O 6.Nge2 Nbd7 7.O-O c5 8.d5 Ne5
9.f4 Nxd3 10.Qxd3 e6 11.dxe6 fxe6 12.Rd1 e5 13.Qxd6 Qxd6 14.Rxd6 Bg4 15.
fxe5 Nd7 16.Bf4 Nb6 17.Rf1 Nxc4 18.Rd5 Rae8 19.Rxc5 Nxe5 20.Bxe5 Bxe5 21.
Rxf8+ Kxf8 22.Kf2 Bxe2 23.Nxe2 Bxb2 24.Rb5 Ba3 25.Rxb7 Rxe4 26.Rxh7 Bc5+ 
27.Kf1 Rb4 28.g3 Rb1+ 29.Kg2 Rb2 30.Kf3 Rxa2 31.Nf4 Kg8 32.Rh6 Kf7 33.h4 
Rf2+ 34.Kg4 Rxf4+ 35.Kxf4 Kg7 36.Rxg6+ Kxg6 37.g4 Bf2 38.h5+ Kh6 39.Ke4 
Kg5 40.Kd3 Bc5 41.Kc4 Be3 0-1

[Event "2nd VAM op"]
[Site "Hoogeveen NED"]
[Date "1998.10.17"]
[Round "2.8"]
[White "Kool, Gerard J"]
[Black "De Jong, Migchiel"]
[Result "0-1"]
[WhiteElo "2100"]
[BlackElo "2280"]
[EventDate "1998.10.16"]
[PlyCount "92"]

1.b4 e5 2.Bb2 Bxb4 3.Bxe5 Nf6 4.Nf3 Nc6 5.Bb2 d5 6.e3 O-O 7.Be2 Bg4 8.O-O 
Re8 9.a3 Bd6 10.d4 Ne4 11.Nbd2 Qf6 12.Nxe4 dxe4 13.Nd2 Qh6 14.g3 Bh3 15.
Re1 f5 16.c4 Kh8 17.c5 Be7 18.Qb3 b6 19.Qf7 Bf6 20.Qh5 Qxh5 21.Bxh5 Red8 
22.cxb6 cxb6 23.Rac1 Ne7 24.Be2 Nd5 25.Ba6 Bg4 26.Nc4 Bh5 27.Ne5 Be8 28.
Bb7 Rab8 29.Bc6 h5 30.Bxd5 Rxd5 31.Rc7 Ra5 32.Rec1 Kh7 33.Kg2 Rb5 34.R1c2 
a5 35.h3 Rd5 36.g4 hxg4 37.hxg4 fxg4 38.Rc1 Kg8 39.Kg3 Rbd8 40.Nxg4 R8d6 
41.Rb7 Bd7 42.Nxf6+ Rxf6 43.f4 exf3 44.Kf2 Rg5 45.Rxd7 Rg2+ 46.Kf1 Rh6 0-1

[Event "2nd VAM op"]
[Site "Hoogeveen NED"]
[Date "1998.10.17"]
[Round "2.10"]
[White "Hendriks, Richard V"]
[Black "Garcia, Gildardo"]
[Result "0-1"]
[WhiteElo "2080"]
[BlackElo "2510"]
[EventDate "1998.10.16"]
[PlyCount "150"]

1.e4 e5 2.Nf3 Nc6 3.d4 exd4 4.Nxd4 Nf6 5.Nxc6 bxc6 6.e5 Qe7 7.Qe2 Nd5 8.c4
Nb6 9.b3 a5 10.a4 Qe6 11.Bb2 Bb4+ 12.Nd2 O-O 13.O-O-O Qh6 14.g4 d5 15.exd6
cxd6 16.Rg1 d5 17.Qe3 Qxe3 18.fxe3 Re8 19.cxd5 Nxd5 20.Nc4 Ba6 21.Bd4 Rad8
22.Nb6 Ba3+ 23.Kc2 Nb4+ 24.Kb1 Rxe3 25.Bc4 Bxc4 26.Bxe3 Bd3+ 27.Ka1 Nc2+ 
28.Ka2 Be7 29.Nc4 Bxc4 30.Bc5 Rxd1 31.Rxd1 Bxc5 32.Rd8+ Bf8 33.bxc4 Ne3 
34.Kb3 f5 35.gxf5 Kf7 36.Rc8 Nxf5 37.Kc3 Bb4+ 38.Kd3 Ne7 39.Ra8 Ke6 40.Ke4
Kd6 41.Kd4 Nf5+ 42.Ke4 Ke6 43.Ra6 Nd6+ 44.Kd4 c5+ 45.Kd3 h5 46.Ra8 g5 47.
Rh8 h4 48.h3 Ke5 49.Rf8 Nf5 50.Re8+ Kf6 51.Rf8+ Ke5 52.Re8+ Kf4 53.Re4+ 
Kg3 54.Re5 Kf4 55.Re4+ Kf3 56.Re5 Nd4 57.Rxg5 Ne6 58.Rf5+ Nf4+ 59.Kc2 Kg3 
60.Rg5+ Kxh3 61.Kd1 Ne6 62.Rg8 Nf4 63.Rg7 Nd3 64.Ke2 Ne5 65.Rg1 Bc3 66.
Rh1+ Kg4 67.Rg1+ Kf4 68.Rh1 Ng6 69.Rg1 Kf5 70.Rf1+ Nf4+ 71.Ke3 Bd4+ 72.Kf3
Nd3 73.Ke2+ Ke4 74.Rf8 Nf4+ 75.Kf1 h3 0-1

[Event "2nd VAM op"]
[Site "Hoogeveen NED"]
[Date "1998.10.17"]
[Round "2.12"]
[White "Jonkman, Harmen"]
[Black "Azadmanesh, Moosa"]
[Result "1-0"]
[WhiteElo "2310"]
[BlackElo "2150"]
[EventDate "1998.10.16"]
[PlyCount "123"]

1.e4 c5 2.c3 d5 3.exd5 Qxd5 4.d4 Nf6 5.Nf3 Bg4 6.Be2 e6 7.h3 Bh5 8.c4 Qd8 
9.Qb3 Qc7 10.Nc3 a6 11.Bf4 Qxf4 12.Qxb7 cxd4 13.Rd1 Ra7 14.Qc8+ Ke7 15.
Qc5+ Ke8 16.Qxa7 Bxf3 17.Bxf3 dxc3 18.Qb7 Bd6 19.g3 Qe5+ 20.Kf1 Qc5 21.Kg2
c2 22.Rd2 Qc7 23.Rxd6 Qxd6 24.c5 Qxc5 25.Qxb8+ Ke7 26.Qxh8 c1=Q 27.Rxc1 
Qxc1 28.Qb8 Nd7 29.Qb7 a5 30.Bc6 Qd2 31.b3 f5 32.Qa7 e5 33.Bxd7 Qxd7 34.
Qxa5 e4 35.Qc5+ Kf6 36.a4 Qd3 37.Qe3 Qd5 38.Qb6+ Ke7 39.Kh2 Qd2 40.Qe3 Qa2
41.Qc5+ Kf6 42.Qb6+ Kf7 43.a5 e3 44.Qxe3 Qxa5 45.Qf4 Qd5 46.Qc7+ Kf6 47.
Qb6+ Kf7 48.b4 g5 49.b5 f4 50.gxf4 gxf4 51.Qc7+ Kg8 52.b6 Qd4 53.Qc6 Kf7 
54.Kg2 Qg7+ 55.Kf3 Qg1 56.Qd7+ Kf6 57.Qd6+ Kg7 58.Qe7+ Kg8 59.Qe8+ Kg7 60.
Qe7+ Kg8 61.b7 Qh1+ 62.Ke2 1-0

[Event "2nd VAM op"]
[Site "Hoogeveen NED"]
[Date "1998.10.17"]
[Round "2.14"]
[White "De Blecourt, Sandra"]
[Black "Jonitz, Jens"]
[Result "0-1"]
[WhiteElo "2040"]
[BlackElo "2160"]
[EventDate "1998.10.16"]
[PlyCount "72"]

1.d4 Nf6 2.c4 g6 3.Nc3 Bg7 4.e4 d6 5.Bd3 O-O 6.Nge2 Nc6 7.O-O Nh5 8.Be3 e5
9.d5 Nd4 10.f3 f5 11.exf5 gxf5 12.f4 Nxe2+ 13.Nxe2 Nxf4 14.Nxf4 exf4 15.
Rxf4 Bxb2 16.Rb1 Be5 17.Rxf5 Bxh2+ 18.Kh1 Bxf5 19.Bxf5 Qh4 20.Qg4+ Qxg4 
21.Bxg4 Be5 22.Kg1 b6 23.Rb3 Rf6 24.Bg5 Rg6 25.Be6+ Kg7 26.Bh4 Rf8 27.Ra3 
a5 28.Rh3 Rf4 29.Bg3 Rxc4 30.Bxe5+ dxe5 31.Rh5 e4 32.Bf5 e3 33.Bxg6 Rc1+ 
34.Kh2 e2 35.Bd3 e1=Q 36.Rxh7+ Kg8 0-1

[Event "2nd VAM op"]
[Site "Hoogeveen NED"]
[Date "1998.10.17"]
[Round "2.15"]
[White "Hofman, Ron"]
[Black "Erwich, Frans"]
[Result "1/2-1/2"]
[WhiteElo "2195"]
[BlackElo "2105"]
[EventDate "1998.10.16"]
[PlyCount "122"]

1.d4 Nf6 2.c4 c5 3.e3 cxd4 4.exd4 d5 5.Nc3 g6 6.Nf3 Bg7 7.Be2 dxc4 8.Bxc4 
O-O 9.O-O Bg4 10.d5 Nbd7 11.h3 Bxf3 12.Qxf3 Ne5 13.Qe2 Nxc4 14.Qxc4 Rc8 
15.Qb3 Qd7 16.Be3 b6 17.a4 Rfd8 18.Rfd1 Qc7 19.Nb5 Qc4 20.Qxc4 Rxc4 21.d6 
exd6 22.Nxa7 Ra8 23.Bxb6 Nd7 24.Be3 Bxb2 25.Ra2 Be5 26.a5 f5 27.f3 Rc3 28.
Bf2 Rc7 29.Nb5 Rc6 30.g3 f4 31.gxf4 Bxf4 32.Nd4 Rca6 33.Ne6 Be5 34.f4 Bc3 
35.Nc7 Rxa5 36.Rc2 Ra1 37.Nxa8 Rxd1+ 38.Kg2 Bb4 39.Rc8+ Kf7 40.Rh8 Nf6 41.
Bh4 Rd2+ 42.Kf3 Rd3+ 43.Kg2 Nd5 44.Bg5 Ne3+ 45.Kf2 Nd1+ 46.Kg2 Rd2+ 47.Kg3
Re2 48.Rxh7+ Kg8 49.Re7 Rxe7 50.Bxe7 Kf7 51.Bd8 Ke8 52.Bb6 Kd7 53.Bd4 Kc6 
54.Nb6 Nc3 55.Kf3 Nd5 56.Nc4 Kb5 57.Ne3 Nxe3 58.Bxe3 Kc4 59.Kg4 Kd3 60.Bb6
Ke4 61.Kg5 Be1 1/2-1/2

[Event "2nd VAM op"]
[Site "Hoogeveen NED"]
[Date "1998.10.17"]
[Round "2.17"]
[White "Pel, Bonno"]
[Black "Olkinuora, Hannu"]
[Result "1-0"]
[WhiteElo "2175"]
[BlackElo "2030"]
[EventDate "1998.10.16"]
[PlyCount "43"]

1.Nc3 c5 2.Nf3 Nc6 3.d4 cxd4 4.Nxd4 e5 5.Ndb5 d6 6.Nd5 Be6 7.Nbc7+ Kd7 8.
Nxa8 Qxa8 9.e4 Nge7 10.Bc4 Qc8 11.Nxe7 Bxe7 12.Bxe6+ fxe6 13.O-O Rf8 14.
Be3 Rf6 15.c4 b6 16.Qa4 Kc7 17.b4 Kb8 18.c5 d5 19.cxb6 d4 20.Bg5 Rf7 21.
Bxe7 Rxe7 22.Rfc1 1-0

[Event "2nd VAM op"]
[Site "Hoogeveen NED"]
[Date "1998.10.17"]
[Round "2.19"]
[White "Gausel, Einar"]
[Black "Solomon, Stephen"]
[Result "1/2-1/2"]
[WhiteElo "2540"]
[BlackElo "2435"]
[EventDate "1998.10.16"]
[PlyCount "82"]

1.d4 d5 2.c4 e6 3.Nf3 c6 4.Qc2 Nf6 5.Nbd2 Qa5 6.g3 Ne4 7.Bg2 f5 8.O-O Nd7 
9.a3 Be7 10.b4 Qc7 11.Bb2 O-O 12.Rac1 a6 13.e3 Bf6 14.Rfd1 Qd6 15.Nxe4 
fxe4 16.Nd2 Bg5 17.Qb3 Kh8 18.f3 exf3 19.Nxf3 Bf6 20.Qc2 Qe7 21.e4 Nb6 22.
c5 Nc4 23.Re1 Qf7 24.Rcd1 Bd7 25.Bc1 Qh5 26.e5 Be7 27.Nd2 Nxd2 28.Bxd2 Be8
29.Be3 Bg6 30.Qd2 Rf7 31.Rf1 Raf8 32.Rxf7 Rxf7 33.Rf1 Rxf1+ 34.Bxf1 Be4 
35.Qf2 g5 36.a4 Kg7 37.b5 Qd1 38.bxa6 bxa6 39.Qe2 Qxe2 40.Bxe2 a5 41.Bd1 
Kg6 1/2-1/2

[Event "2nd VAM op"]
[Site "Hoogeveen NED"]
[Date "1998.10.17"]
[Round "2.20"]
[White "Wunnink, Michael"]
[Black "Bosch, Jeroen"]
[Result "1/2-1/2"]
[WhiteElo "2105"]
[BlackElo "2480"]
[EventDate "1998.10.16"]
[PlyCount "103"]

1.Nf3 Nf6 2.c4 e6 3.Nc3 d5 4.d4 Nbd7 5.cxd5 exd5 6.Bg5 Be7 7.e3 c6 8.Qc2 
O-O 9.Bd3 Re8 10.O-O Nf8 11.h3 g6 12.Bf4 Ne6 13.Bh2 Ng7 14.Ne5 Bf5 15.Qb3 
Qb6 16.Na4 Qxb3 17.axb3 Bxd3 18.Nxd3 Ne4 19.Rfc1 Bd6 20.Bxd6 Nxd6 21.Nac5 
a6 22.Ne5 Re7 23.Ra4 f6 24.Ned7 Kf7 25.Nb6 Rae8 26.Nxa6 bxa6 27.Rxc6 Nb5 
28.Nxd5 Re6 29.Raxa6 Nf5 30.g4 Rxc6 31.Rxc6 Nfd6 32.Rb6 Ra8 33.e4 Ra1+ 34.
Kg2 Rd1 35.g5 fxg5 36.e5 Rxd4 37.Ne3 Ne4 38.Rxb5 Rd2 39.Kf3 Nxf2 40.Nc4 
Rc2 41.Rb7+ Ke6 42.Rb6+ Kf7 43.Rf6+ Kg7 44.Rd6 Nxh3 45.Rd7+ Kf8 46.Rxh7 
Nf4 47.Ra7 Rc1 48.Nd6 Rf1+ 49.Kg4 Rg1+ 50.Kf3 Rf1+ 51.Kg4 Rg1+ 52.Kf3 
1/2-1/2